| 000 | 00776nam a2200265 a 4500 | ||
|---|---|---|---|
| 001 | 68517 | ||
| 003 | BD-RjUL | ||
| 005 | 20211209081800.0 | ||
| 008 | 170403s2010 ii a|||| |||| 001 0 eng d | ||
| 035 | _a(BD-RjUL)68727 | ||
| 040 |
_aBD-RjUL _beng _cBD-RjUL _dBD-RjUL |
||
| 041 | _aeng | ||
| 082 |
_223 _a578.7 _bBIO 2010 |
||
| 245 | 1 | 0 |
_aBiodiversity & biotechnology / _cEditors Samit Ray; Arun K Ray |
| 250 | _a3rd ed. | ||
| 260 |
_aHyderabad : _bNew Central Book Agency, _c2010. |
||
| 300 |
_aix, 360 p. : _bill. _c25 cm. |
||
| 490 | _aCentral Advanced Studies | ||
| 500 | _aIncludes index | ||
| 650 |
_aBiotechnology _9203082 |
||
| 700 |
_aRay, Samit _9203083 |
||
| 700 |
_aRay, Arun K. _9203084 |
||
| 830 |
_aCentral Advanced Studies _9204195 |
||
| 942 |
_2ddc _cBK |
||
| 999 |
_c68517 _d68517 |
||